Matucana 19: el garage de la resistencia cultural, 1985-1991

Guardat en:
Dades bibliogràfiques
Autors principals: Lloret, Jordi (autor), Godoy Mallea, Alfonso (Autor), Araya Tacussis, Rodrigo (Autor)
Format: Llibre
Idioma:espanyol
Publicat: Santiago Ocho Libros 2019
Edició:1a. ed
Matèries:
Etiquetes: Afegir etiqueta
Sense etiquetes, Sigues el primer a etiquetar aquest registre!

MARC

LEADER 00000cam a2200000 a 4500
001 UCC8786
003 CL-VaPUC
005 20250109130131.0
008 190814e20190000cl |||||||||||||||||spa|d
020 |a 9789563354980 
040 |c Pontificia Universidad Católica de Valparaíso 
082 0 4 |a 306  |b LLO  |2 21 
100 |a Lloret, Jordi  |e autor  |9 603499 
245 1 0 |a Matucana 19: el garage de la resistencia cultural, 1985-1991 
250 |a 1a. ed 
260 |a Santiago  |b Ocho Libros  |c 2019 
300 |a 253 p 
583 |a last modification  |c 20190814 14:59:00  |k Rodrigo Vera 
650 0 |a Identidad cultural  |9 319131 
650 7 |a RESISTENCIA A LA OPRESION  |2 CL-VaPUC  |9 382293 
650 0 |a Dictadura militar  |9 389291 
650 0 |a Cómics  |9 369534 
700 0 |a Godoy Mallea, Alfonso  |e author  |9 603500 
700 0 |a Araya Tacussis, Rodrigo  |e author  |9 603501 
942 |c BK 
945 |d 20190814 14:59:00  |a dcastane 
999 |c 375037  |d 375035 
952 |0 0  |1 0  |3 erb  |4 0  |6 306_000000000000000_LLO_2019  |7 0  |8 R  |9 493889  |a BIBART  |b BIBART  |i 5557100  |o 306 LLO 2019  |p 5557100  |r 2025-03-13  |w 2019-11-24  |y BK_R  |z Catalogado en:20190814  |k ART